Name a Valid World Series Year - Statistics

General Stats
  • This quiz has been taken 9 times
  • The average score is 2 of 25
Answer Stats
Hint Answer % Correct
Arizona 2001
100%
Washington Nationals 2019
57%
Texas Rangers 2023
57%
Los Angeles Angels 2002
29%
Boston 1903, 1912, 1915, 1916, 1918, 2004, 2007, 2013, 2018
0%
San Francisco Giants 1905, 1921, 1922, 1923, 1954, 2010, 2012, 2014
0%
Chicago White Sox 1906, 1917, 2005
0%
Chicago Cubs 1907. 1908, 2016
0%
Pittsburgh Pirates 1909, 1925, 1960, 1971, 1979
0%
Athletics 1910, 1911, 1913, 1929, 1930, 1972, 1973, 1974, 1989
0%
Atlanta 1914, 1957, 1995, 2021
0%
Cincinnati Reds 1919, 1940, 1975, 1976, 1990
0%
Cleveland Guardians 1920, 1948
0%
New York Yankees 1923, 1927, 1928, 1932, 1936, 1937, 1938, 1939, 1941, 1943, 1947, 1949, 1950, 1951, 1952, 1953, 1956, 1958, 1961, 1962, 1977, 1978, 1996, 1997, 1998, 1999, 2000, 2009
0%
Minnesota Twins 1924, 1987, 1991
0%
St Louis Cardinals 1926, 1931, 1934, 1942, 1944, 1946, 1964, 1967, 1982, 2006, 2011
0%
Detroit Tigers 1935, 1945, 1968, 1984
0%
Los Angeles Dodgers 1955, 1959, 1963, 1965, 1981, 1988, 2020, 2024
0%
Baltimore 1966, 1970, 1983
0%
New York Mets 1969, 1986
0%
Philadelphia Phillies 1980, 2008
0%
Kansas City Royals 1985, 2015
0%
Toronto Blue Jays 1992, 1993
0%
Miami Marlins 1997, 2003
0%
Houston Astros 2017, 2022
0%
No matching quizzes found
Score Distribution
Percent of People with Each Score
Percentile by Number Answered
Your Score History
You have not taken this quiz